Nantes - Choix multiples - Statistiques

Statistiques générales
  • Ce quiz a été pris 4 086 fois
    3 652 depuis la dernière actualisation
  • Le résultat moyen est 8 sur 10
Statistiques - réponses
Question Réponse % Correct
Quel nantais aurait tué son épouse et ses quatre enfants avant de disparaître en avril 2011 ? Xavier Dupont de Ligonnès
96%
Quel écrivain célèbre, connu pour « Vingt mille lieues sous les mers » notamment, est né à Nantes ? Jules Verne
92%
De qui Nantes abrite-t-elle le château ? Des ducs de Bretagne
90%
Comment surnomme-t-on les joueurs du FC Nantes ? Les canaris
87%
Lequel de ces endroits ne se trouve pas à Nantes ?
81%
Quel roi français a signé l'édit de Nantes en 1598 ? Henri IV
74%
Dans quelle catégorie le port de Nantes devance-t-il largement tous les autres ports français ? Nombre d'expéditions de traite
62%
Que le mot « Namnete » désigne-t-il en lien avec Nantes ? La tribu celtique qui habitait les alentours
61%
Que signifie « LU » dans le nom de la célèbre marque de biscuits LU, connue pour ses emblématiques biscuits « Petit Beurre » ? Lefèvre Utile
61%
Quel nom la ville porte-t-elle en breton ? Naoned
58%
Aucun quiz correspondant
Distribution des résultats
% des personnes avec chaque résultat
Percentile par nombre de réponses
Votre historique - résultats
Vous n’avez pas pris ce quiz depuis la dernière actualisation